Scandinavian Countries - Statistics

General Stats
  • This quiz has been taken 206 times
  • The average score is 5 of 5
Answer Stats
Answer % Correct
Norway
99%
Sweden
99%
Denmark
95%
Finland
95%
Iceland
88%
No matching quizzes found
Score Distribution
Percent of People with Each Score
Percentile by Number Answered
Your Score History
You have not taken this quiz